MARC

LEADER 00000nam0a2200000 4500
001 303831
005 20231102001637.0
035 |a (RuTPU)RU\TPU\book\329059 
090 |a 303831 
100 |a 20150905d1982 k y0rusy50 ca 
101 0 |a rus 
102 |a RU 
105 |a a z 001zy 
200 1 |a Элементы устройства широкополосных систем СВЧ  |e межвузовский сборник научных трудов  |f Новосибирский электротехнический институт (НЭТИ) ; под ред. Е. И. Машарского 
210 |a Новосибирск  |c Изд-во НЭИ  |d 1982 
215 |a 157 с.  |c ил. 
320 |a Библиогр. в конце ст. 
606 1 |a Усилители сверхвысоких частот широкополосные  |2 stltpush  |3 (RuTPU)RU\TPU\subj\63362  |9 80391 
610 1 |a СВЧ-системы 
610 1 |a элементы 
610 1 |a устройства 
610 1 |a расчеты 
610 1 |a микрополосковые линии 
610 1 |a транзисторные усилители 
610 1 |a автогенераторы 
675 |a 621.375.121  |v 4 
702 1 |a Машарский  |b Е. И.  |4 340 
712 0 2 |a Новосибирский электротехнический институт (НЭТИ)  |c (1950-1992)  |2 stltpush  |3 (RuTPU)RU\TPU\col\203 
801 1 |a RU  |b 63413507  |c 20150905 
801 2 |a RU  |b 63413507  |c 20190424  |g RCR 
942 |c BK